00313nam a2200121Ia 4500003000400000005001700004008004100021020001900062040002700081100002400108245004300132260001600175OSt20240329114434.0170523s9999 xx 000 0 und d a978-0470055540 cIIMT UNIVERSITY MEERUT aIncropera- Frank P. 0aFundamentals of Heat and Mass Transfer aWiley India